000 00470nam a2200193Ia 4500
003 OSt
005 20230510095737.0
008 210423s2000 xx 000 0 und d
040 _cAL
041 _aeng
082 _a954
_223
_bSHAH
100 _aSHARMA (L P).
_9101872
245 _aHistory of modern India.
260 _aDelhi
_bKonark Publication Pvt Ltd
_c2000
300 _bPB
365 _b100
_cINR
906 _aHistory ; india. ; modern
942 _2ddc
_cBK
999 _c171749
_d171749